000 00468nam a2200169 i 4500
001 49262
003 ES-MaACL
005 20230906161920.0
007 t|
008 030711s1970 sp ||||1| spa d
100 1 _aCortejoso Villanueva, Leopoldo.
_940841
245 1 3 _aLa feria de los milagros /
_cLeopoldo Cortejoso.
250 _a1ยช ed.
260 _aBarcelona :
_bLuis de Caralt,
_c[1970]
300 _a328 p. ;
_c20 cm.
852 _aES-MaACL
_jC-39626
_bR.75958
999 _c49262
_d49262